U.S. Elections that were Rematches - Statistics

General Stats
  • This quiz has been taken 21 times
  • The average score is 11 of 14
Answer Stats
Hint Answer % Correct
Dwight D. Eisenhower 1956
100%
Dwight D. Eisenhower 1952
94%
William McKinley 1900
81%
George Washington 1792
75%
John Adams 1796
75%
Thomas Jefferson 1800
75%
Benjamin Harrison 1888
75%
Grover Cleveland 1892
75%
William McKinley 1896
75%
John Quincy Adams 1824
69%
Andrew Jackson 1828
69%
Martin Van Buren 1836
69%
WIlliam Henry Harrison 1840
69%
George Washington 1789
50%
No matching quizzes found
Score Distribution
Percent of People with Each Score
Percentile by Number Answered
Your Score History
You have not taken this quiz